Peace through strength ; Bernard Baruch and a blueprint for security /

Bibliographic Details
Main Author: Rosenbloom, Morris Victor, 1915-
Format: Book
Language:English
Published: Washington : American Surveys in association with Farrar, Straus and Young, New York, 1953
Subjects:

MARC

Tag First Indicator Second Indicator Subfields
LEADER 00000cam a2200000 4500
001 in00000062654
005 20151008050619.0
008 750416c19531952dcuc b 001 0 eng u
010 |a  53000156  
035 |a (OCoLC)01281803 
035 |9 AAG2138AM 
040 |c ORL  |d TXA  |d UtOrBLW 
049 |a TXAM  |c 1 [215882]  |c 2 [241727] 
050 0 0 |a E748.B32  |b R6 
082 0 |a 923.273 
090 |a E748.B32  |b R6 1953 
092 |a 308.1  |b B2953r 
100 1 |a Rosenbloom, Morris Victor,  |d 1915- 
245 1 0 |a Peace through strength ;  |b Bernard Baruch and a blueprint for security /  |c Foreword by Eleanor Roosevelt; afterword by Charles E. Wilson. 
264 1 |a Washington :  |b American Surveys in association with Farrar, Straus and Young, New York,  |c 1953 
264 4 |c [©1952] 
300 |a 325 pages :  |b illustrations ;  |c 23 cm. 
336 |a text  |b txt  |2 rdacontent 
337 |a unmediated  |b n  |2 rdamedia 
338 |a volume  |b nc  |2 rdacarrier 
504 |a Includes bibliographical references and index. 
600 1 0 |a Baruch, Bernard M.  |q (Bernard Mannes),  |d 1870-1965. 
651 0 |a United States  |x Defenses. 
651 0 |a United States  |x Politics and government  |y 20th century. 
999 |a MARS 
999 f f |s 5db733c2-5904-36a8-b88a-81014b7f8b62  |i 504ceaeb-7ade-350b-9d27-cec8115b7951  |t 0 
952 f f |p ric  |a Texas A&M University  |b Rellis Campus  |c Joint Library Facility  |d Remote Storage  |t 0  |e E748.B32 R6 1953  |h Library of Congress classification  |i unmediated -- volume  |m A14800647134 
998 f f |a E748.B32 R6 1953  |t 0  |l Remote Storage